Catálogo
 En Linea

From the green antilles : (Registro nro. 1446)

Detalles MARC
000 -CABECERA
campo de control de longitud fija 00780cam a2200205 a 4500
001 - NÚMERO DE CONTROL
campo de control 000001544
005 - FECHA Y HORA DE LA ÚLTIMA TRANSACCIÓN
campo de control 20200929145620.0
008 - DATOS DE LONGITUD FIJA--INFORMACIÓN GENERAL
campo de control de longitud fija 711012s1966 nyu 000 0 eng d
040 ## - FUENTE DE LA CATALOGACIÓN
Centro catalogador/agencia de origen DO-SdBNP
Lengua de catalogación spa
Centro/agencia transcriptor BNPHU
082 ## - NÚMERO DE LA CLASIFICACIÓN DECIMAL DEWEY
Número de clasificación 808.899729
Número de documento/Ítem F931
245 00 - MENCIÓN DE TÍTULO
Título From the green antilles :
Resto del título writings of the caribbean. /
Mención de responsabilidad, etc. edición e introducción Barbara Howes.
260 ## - PUBLICACIÓN, DISTRIBUCIÓN, ETC.
Lugar de publicación, distribución, etc. New York :
Nombre del editor, distribuidor, etc. Macmillan Company,
Fecha de publicación, distribución, etc. 1966.
300 ## - DESCRIPCIÓN FÍSICA
Extensión xvi, 368 p. ;
Dimensiones 21 cm.
650 #4 - PUNTO DE ACCESO ADICIONAL DE MATERIA--TÉRMINO DE MATERIA
Término de materia o nombre geográfico como elemento de entrada Caribbean literature.
9 (RLIN) 5063
650 #4 - PUNTO DE ACCESO ADICIONAL DE MATERIA--TÉRMINO DE MATERIA
Término de materia o nombre geográfico como elemento de entrada Caribbean literature
Subdivisión general Translations into english.
9 (RLIN) 5064
650 #4 - PUNTO DE ACCESO ADICIONAL DE MATERIA--TÉRMINO DE MATERIA
Término de materia o nombre geográfico como elemento de entrada West indian literature
Subdivisión general Translations into english.
9 (RLIN) 5065
651 #4 - PUNTO DE ACCESO ADICIONAL DE MATERIA--NOMBRE GEOGRÁFICO
Nombre geográfico Caribbean Area
Subdivisión general Literary Collections.
9 (RLIN) 5066
651 #4 - PUNTO DE ACCESO ADICIONAL DE MATERIA--NOMBRE GEOGRÁFICO
Nombre geográfico West Indies
Subdivisión general Literary Collections.
9 (RLIN) 5067
700 1# - PUNTO DE ACCESO ADICIONAL--NOMBRE DE PERSONA
Nombre de persona Howes, Barbara,
Término indicativo de función/relación ed.
9 (RLIN) 5068
Existencias
Estado de retiro Estado de pérdida Restricciones de uso No para préstamo Código de colección Localización permanente Ubicación/localización actual Ubicación en estantería Fecha de adquisición Número de inventario Total de préstamos Signatura topográfica completa Código de barras Fecha visto por última vez Precio válido a partir de Tipo de ítem Koha
    Préstamo interno   Monografías: Libros y Folletos General General Depósito 22.09.2009 LF1   808.899729 F931 1544-10 25.06.2020 25.06.2020 Préstamo interno

Con tecnología Koha